Atlético de Madrid Squad 2015-2016 - Statistics

General Stats
  • This quiz has been taken 73 times
  • The average score is 19 of 25
Answer Stats
# Position Nation Player % Correct
7 FW France Antoine Griezmann
100%
6 MF Spain Koke
100%
2 DF Uruguay Diego Godín
98%
13 GK Slovenia Jan Oblak
98%
24 DF Uruguay José María Giménez
96%
- Coach Argentina Diego Simeone
93%
20 DF Spain Juanfran Torres
91%
21 MF Belgium Yannick Carrasco
91%
3 DF Brazil Filipe Luís
89%
17 MF Spain Saúl Ñíguez
89%
14 MF Spain Gabi Fernández
88%
15 DF Montenegro Stefan Savić
86%
9 FW Spain Fernando Torres
82%
5 MF Portugal Tiago Mendes
80%
16 FW Argentina Ángel Correa
79%
22 MF Ghana Thomas Partey
77%
10 MF Spain Óliver Torres
75%
1 GK Spain Miguel Ángel Moyá
73%
11 FW Colombia Jackson Martínez
71%
19 DF France Lucas Hernández
61%
12 MF Argentina Augusto Fernández
46%
23 FW Argentina Luciano Vietto
39%
4 DF Brazil Guilherme Siqueira
36%
8 MF Argentina Matías Kranevitter
34%
18 DF Spain Jesús Gámez
25%
No matching quizzes found
Score Distribution
Percent of People with Each Score
Percentile by Number Answered
Your Score History
You have not taken this quiz